Loading...
| Science - Chemistry | 0 | 11 | 1 | 3 | 105 | 89 | 111.45 | 0 | 2 | 9.23 | 34.22 |
| Science - Biology | 0 | 9 | 1 | 2 | 85 | 41 | 97.89 | 1 | 4 | 11.70 | 36.34 |
| Science - Physics | 0 | 4 | 1 | 0 | 35 | 101 | 111.75 | 0 | 0 | 3.65 | 14.60 |
| Literature - European | 0 | 4 | 1 | 2 | 35 | 120 | 138.50 | 0 | 0 | 2.16 | 8.87 |
| Literature - British | 0 | 2 | 0 | 0 | 20 | 97 | 108.00 | 1 | 1 | 2.82 | 9.18 |
| Literature - World | 0 | 2 | 0 | 0 | 20 | 136 | 138.50 | 0 | 0 | 0.82 | 6.21 |
| Religion | 0 | 2 | 0 | 1 | 20 | 123 | 127.00 | 0 | 0 | 0.05 | 1.26 |
| Literature - American | 0 | 2 | 1 | 1 | 15 | 87 | 123.50 | 0 | 0 | 2.24 | 4.22 |
| Social Science | 0 | 1 | 0 | 1 | 10 | 128 | 128.00 | 0 | 0 | -0.05 | 1.86 |
| Fine Arts - Classical Music | 0 | 2 | 2 | 1 | 10 | 126 | 133.50 | 0 | 0 | 0.95 | 7.24 |
| Geography | 0 | 1 | 0 | 0 | 10 | 127 | 127.00 | 0 | 0 | 0.91 | 6.25 |
| History - European | 0 | 1 | 0 | 0 | 10 | 126 | 126.00 | 0 | 0 | 0.47 | 1.23 |
| History - Other | 0 | 1 | 0 | 0 | 10 | 109 | 109.00 | 0 | 0 | 1.06 | 3.68 |
| Mythology | 0 | 1 | 0 | 0 | 10 | 137 | 137.00 | 0 | 0 | 0.69 | 5.00 |
| Science - Other | 0 | 2 | 2 | 2 | 10 | 127 | 129.00 | 0 | 0 | 0.00 | 3.73 |
| Other Academic | 0 | 1 | 1 | 1 | 5 | 128 | 128.00 | 0 | 0 | 0.09 | 1.67 |
| Fine Arts - Other | 0 | 0 | 0 | 0 | 0 | 0.00 | 0 | 0 | 0.00 | 0.00 | |
| Current Events | 0 | 0 | 1 | 0 | -5 | 0.00 | 0 | 0 | 0.00 | 0.00 |